Statistics for 4 Letter Band Names

Click here to take the quiz!

General Stats

  • This quiz has been taken 158 times
  • The average score is 11 of 22

Answer Stats

HintSongBand% Correct
Swedish quartetDancing QueenABBA
98%
Australian rockersHighway To HellAC/DC
95%
Stanley, Simmons, Criss, FrehleyRock And Roll All NiteKISS
82%
1980s duo with Andrew RidgeleyWake Me Up Before You Go-GoWham!
77%
Australian band featuring Michael HutchenceNeed You TonightINXS
69%
Canadian trioTom SawyerRush
66%
Courtney Love's bandVioletHole
63%
American rock bandRosannaToto
63%
Ohio band with "energy dome hats"Whip ItDevo
60%
Robert Smith's bandPictures Of YouTheCure
57%
Marc Bolan's BandBang A Gong (Get It On)T.Rex
52%
Ric Ocasek's bandJust What I NeededTheCars
50%
Chicago rock bandCome Sail AwayStyx
42%
John Wetton, Geoff Downes, Steve Howe, Carl PalmerHeat Of The MomentAsia
41%
Paul Rodger's band before Bad CompanyAll Right NowFree
38%
American nu-metal bandBlindKorn
33%
Belfast band featuring Van MorrisonGloriaThem
22%
British new wave bandOne Thing Leads To AnotherTheFixx
21%
Arthur Lee's band in 1960s L.A.Alone Again OrLove
19%
Keith Emerson's band before ELPHang On To A DreamTheNice
10%
California country-rock bandYou Better Think TwicePoco
7%
Philly band that launched Todd Rundgren's careerOpen My EyesNazz
6%

Score Distribution

Percentile by Number Answered

Percent of People with Each Score

Your Score History

You have not taken this quiz